Mahaveercharitam - Uttar Ram Charit (Record no. 364548)

MARC details
000 -LEADER
fixed length control field 003320000a22001330004500
005 - DATE AND TIME OF LATEST TRANSACTION
control field 20120302065340.0
040 ## - CATALOGING SOURCE
Original cataloging agency San
100 ## - MAIN ENTRY--PERSONAL NAME
Personal name
-- Mahakavi Shree Bhavabhuti
Numeration Veer Raghava
245 ## - TITLE STATEMENT
Title Mahaveercharitam - Uttar Ram Charit
260 ## - PUBLICATION, DISTRIBUTION, ETC. (IMPRINT)
Place of publication, distribution, etc Mumbai : 1892
300 ## - PHYSICAL DESCRIPTION
Extent 254 + 174 + 267 + 53 + 129
365 ## - TRADE PRICE
Price amount /-
942 ## - ADDED ENTRY ELEMENTS (KOHA)
Koha item type Book
Holdings
Withdrawn status Lost status Damaged status Not for loan Home library Current library Date acquired Total Checkouts Barcode Date last seen Price effective from
        Institute For Oriental Study, Thane Institute For Oriental Study, Thane 12/02/2009   IOS-S 25603 12/02/2009 12/02/2009